[Event "TUR-chT Superleague 2018"]
[Site "Ankara"]
[Date "2018.08.03"]
[Round "11"]
[White "Can, Isil"]
[Black "Keskin, Elif"]
[Result "1/2-1/2"]
[WhiteElo "1862"]
[BlackElo "1775"]
[Annotator "NA"]
[PlyCount "62"]
[EventDate "2018.07.25"]
[EventType "team-tourn"]
[EventCountry "TUR"]
[SourceTitle "playchess.com"]
[Source "ChessBase"]
[SourceQuality "1"]

1. e4 c5 2. Nf3 e6 3. d4 cxd4 4. Nxd4 a6 5. Nc3 Qc7 6. a3 Nf6 7. Be3 b5 8. Be2 Bb7 9. f3 d5 10. exd5 Nxd5 11. Nxd5 Bxd5 12. O-O Bd6 13. f4 O-O 14. Kh1 Nd7 15. Bf3 Nf6 16. c3 Rac8 17. Bxd5 Nxd5 18. Qf3 Nxe3 19. Qxe3 Rfe8 20. Qf3 Bc5 21. Rad1 Red8 22. Qe4 Bxd4 23. Rxd4 Rxd4 24. Qxd4 Rd8 25. Qe4 h6 26. f5 exf5 27. Qxf5 Qd7 28. Qf3 Qc7 29. Qf5 Qd7 30. Qf3 Qc7 31. Qf5 Qd7 1/2-1/2

[Event "TUR-chT Superleague 2018"]
[Site "Ankara"]
[Date "2018.08.03"]
[Round "11"]
[White "Ozbek, Busra"]
[Black "Onur, Cigdem"]
[Result "1-0"]
[WhiteElo "1848"]
[BlackElo "1750"]
[Annotator "NA"]
[PlyCount "75"]
[EventDate "2018.07.25"]
[EventType "team-tourn"]
[EventCountry "TUR"]
[SourceTitle "playchess.com"]
[Source "ChessBase"]
[SourceQuality "1"]

1. d4 d5 2. Nf3 Nf6 3. e3 c5 4. b3 e6 5. Bd3 Nc6 6. Bb2 Bd6 7. Nbd2 Qe7 8. Ne5 O-O 9. f4 Nd7 10. O-O Nb4 11. Be2 f6 12. Nxd7 Bxd7 13. a3 Nc6 14. c4 cxd4 15. exd4 dxc4 16. Bxc4 Kh8 17. Ne4 Bc7 18. Kh1 Rad8 19. Qf3 Bc8 20. Rad1 Bb6 21. d5 exd5 22. Bxd5 Be6 23. Nc3 Bxd5 24. Nxd5 Qc5 25. b4 Qb5 26. Rfe1 Rfe8 27. Rxe8+ Rxe8 28. Nxf6 Rf8 29. Nd7 Rd8 30. Qg4 Bd4 31. Bxd4 Nxd4 32. Ne5 Rf8 33. h3 Nc6 34. Rd7 Qf1+ 35. Kh2 Qxf4+ 36. Qxf4 Rxf4 37. Nxc6 Rf8 38. Rxb7 1-0

[Event "TUR-chT Superleague 2018"]
[Site "Ankara"]
[Date "2018.08.03"]
[Round "11"]
[White "Yorgun, Yaren Naz"]
[Black "Incecik, Seyma Zeynep"]
[Result "1-0"]
[WhiteElo "1725"]
[BlackElo "1673"]
[Annotator "NA"]
[PlyCount "117"]
[EventDate "2018.07.25"]
[EventType "team-tourn"]
[EventCountry "TUR"]
[SourceTitle "playchess.com"]
[Source "ChessBase"]
[SourceQuality "1"]

1. e4 d5 2. exd5 Qxd5 3. Nc3 Qa5 4. Bc4 Nf6 5. d3 c6 6. Bd2 Bf5 7. Qe2 Nbd7 8. Nb5 Qxb5 9. Bxb5 cxb5 10. Nf3 a6 11. O-O e6 12. Ne5 Nb6 13. a3 Bd6 14. Nf3 O-O 15. Bc3 Nfd5 16. Be5 Be7 17. c4 bxc4 18. dxc4 Nf6 19. Rac1 Rfd8 20. Rfd1 Nbd7 21. Bd6 Bxd6 22. Rxd6 Ne4 23. Rd4 Nec5 24. Qe3 e5 25. Rd5 Na4 26. b3 Nab6 27. Rd2 Rac8 28. Rd6 Na8 29. Rcd1 Nc7 30. Qxe5 Nxe5 31. Rxd8+ Ne8 32. Rxc8 Nxf3+ 33. gxf3 Bxc8 34. Rd8 Kf8 35. Rxc8 Ke7 36. Rb8 Nd6 37. c5 Nb5 38. Rxb7+ Ke8 39. Rxb5 axb5 40. b4 Kd7 41. Kg2 Kc6 42. Kg3 Kd5 43. Kf4 Ke6 44. Ke4 f5+ 45. Kd4 f4 46. Ke4 g5 47. Kd4 h5 48. Ke4 h4 49. h3 Kf6 50. Kd5 Kf5 51. c6 g4 52. fxg4+ Kg5 53. c7 f3 54. c8=Q Kh6 55. Qf5 Kg7 56. Ke6 Kh6 57. Qh5+ Kg7 58. Kf5 Kg8 59. Ke4 1-0

[Event "TUR-chT Superleague 2018"]
[Site "Ankara"]
[Date "2018.08.03"]
[Round "11"]
[White "Ozcan, Kaan"]
[Black "Karaoglan, Doruk"]
[Result "0-1"]
[WhiteElo "1523"]
[BlackElo "2234"]
[Annotator "NA"]
[PlyCount "56"]
[EventDate "2018.07.25"]
[EventType "team-tourn"]
[EventCountry "TUR"]
[SourceTitle "playchess.com"]
[Source "ChessBase"]
[SourceQuality "1"]

1. c4 e5 2. Nc3 Nc6 3. Nf3 g6 4. d4 exd4 5. Nxd4 Bg7 6. Nxc6 bxc6 7. g3 Ne7 8. Bg2 O-O 9. O-O Nf5 10. e3 Qe7 11. Qa4 a5 12. a3 Ba6 13. Rd1 Rfb8 14. Qxa5 Bc8 15. Qxc7 Be5 16. Qxb8 Rxb8 17. Rd2 Ba6 18. Bf1 Rb3 19. Rc2 Bxc3 20. Rxc3 Rxc3 21. bxc3 Qe4 22. Bd2 Qc2 23. Be1 c5 24. a4 Nd6 25. a5 Qe4 26. Rd1 Bb7 27. f3 Qxe3+ 28. Bf2 Qxf3 0-1

[Event "TUR-chT Superleague 2018"]
[Site "Ankara"]
[Date "2018.08.04"]
[Round "12"]
[White "Mamedov, Rauf"]
[Black "Cheparinov, Ivan"]
[Result "1/2-1/2"]
[WhiteElo "2708"]
[BlackElo "2718"]
[Annotator "TA"]
[PlyCount "66"]
[EventDate "2018.07.25"]
[EventType "team-tourn"]
[EventCountry "TUR"]
[SourceTitle "playchess.com"]
[Source "ChessBase"]
[SourceQuality "1"]

1. e4 c5 2. Nf3 d6 3. Bb5+ Nd7 4. Ba4 Ngf6 5. O-O a6 6. c4 g6 7. Nc3 Bg7 8. d3 O-O 9. Rb1 Ng4 10. Ng5 Nb6 11. Bc2 f5 12. Ne2 h6 13. Nf3 Ne5 14. Nxe5 dxe5 15. exf5 Bxf5 16. Ng3 Qd6 17. Be3 a5 18. Qe2 Nd7 19. h3 Nb8 20. Qd2 Kh7 21. Ne4 Bxe4 22. dxe4 Nc6 23. Qxd6 exd6 24. Ba4 Nd4 25. g3 Rf7 26. Kg2 Raf8 27. a3 h5 28. Bd2 Bh6 29. Bc3 h4 30. Rbe1 Nf3 31. Rd1 Nd4 32. Rde1 Nf3 33. Rd1 Nd4 1/2-1/2

[Event "TUR-chT Superleague 2018"]
[Site "Ankara"]
[Date "2018.08.04"]
[Round "12"]
[White "Kovalev, Vladislav"]
[Black "Kanmazalp, Ogulcan"]
[Result "1-0"]
[WhiteElo "2667"]
[BlackElo "2481"]
[Annotator "TA"]
[PlyCount "79"]
[EventDate "2018.07.25"]
[EventType "team-tourn"]
[EventCountry "TUR"]
[SourceTitle "playchess.com"]
[Source "ChessBase"]
[SourceQuality "1"]

1. e4 e6 2. d3 d5 3. Nd2 c5 4. Ngf3 Nc6 5. g3 Bd6 6. Bg2 Nge7 7. O-O O-O 8. Re1 Qc7 9. Qe2 f6 10. c3 Bd7 11. a3 d4 12. cxd4 cxd4 13. Nc4 e5 14. Bd2 b5 15. Nxd6 Qxd6 16. Nh4 g6 17. f4 Kg7 18. Rf1 a5 19. Rf2 Nc8 20. Raf1 Nb6 21. Nf3 Bg4 22. h3 Bxf3 23. Qxf3 Na4 24. Bc1 Nc5 25. h4 Nb3 26. Bh3 Ra7 27. h5 Rc7 28. Rh2 Rff7 29. Bd2 Nxd2 30. Rxd2 a4 31. Rh2 b4 32. Qd1 b3 33. Bg4 g5 34. h6+ Kg8 35. Bh5 Rf8 36. fxg5 fxg5 37. Rxf8+ Kxf8 38. Qg4 Qxh6 39. Qf5+ Ke7 40. Bg4 1-0

[Event "TUR-chT Superleague 2018"]
[Site "Ankara"]
[Date "2018.08.04"]
[Round "12"]
[White "Kuzubov, Yuriy"]
[Black "Ali Marandi, Cemil Can"]
[Result "1-0"]
[WhiteElo "2647"]
[BlackElo "2540"]
[Annotator "TA"]
[PlyCount "135"]
[EventDate "2018.07.25"]
[EventType "team-tourn"]
[EventCountry "TUR"]
[SourceTitle "playchess.com"]
[Source "ChessBase"]
[SourceQuality "1"]

1. d4 d5 2. c4 c6 3. Nf3 Nf6 4. e3 e6 5. Nbd2 Nbd7 6. b3 Bd6 7. Bb2 O-O 8. Bd3 b6 9. O-O Bb7 10. Qc2 c5 11. cxd5 exd5 12. dxc5 bxc5 13. Rfe1 Re8 14. Rad1 Qe7 15. Bb5 Rad8 16. Qf5 Qe6 17. Qxe6 Rxe6 18. Rc1 a6 19. Bf1 h6 20. Red1 Rde8 21. g3 g5 22. Ne1 Bf8 23. Bh3 g4 24. Bg2 h5 25. Nd3 Bd6 26. Bxf6 Rxf6 27. Nb1 Rc8 28. Nc3 Nb6 29. Nb2 c4 30. Nxc4 Nxc4 31. bxc4 Ba3 32. Rb1 Rxc4 33. Nxd5 Bxd5 34. Rxd5 Rc5 35. Rd3 Ra5 36. Bd5 Bf8 37. Kg2 Rc5 38. Bb3 a5 39. Rbd1 Rcf5 40. R1d2 Bb4 41. Re2 Kg7 42. Rd7 Re5 43. h3 Kg6 44. hxg4 hxg4 45. Rc2 Ref5 46. Rd4 Kg5 47. Rdc4 Kh5 48. Re2 Kg5 49. Rf4 Bd6 50. Rxf5+ Kxf5 51. Rd2 Be5 52. Rd7 Kg6 53. Bd1 Kg5 54. Rd5 Re6 55. Rxa5 f5 56. Bb3 Re7 57. Rc5 Kf6 58. Rc6+ Kg5 59. Kf1 Rc7 60. Rxc7 Bxc7 61. Be6 Kf6 62. Bc8 Ke5 63. Ke2 Ke4 64. a4 Ba5 65. Bb7+ Ke5 66. f3 gxf3+ 67. Kxf3 Bb6 68. e4 1-0

[Event "TUR-chT Superleague 2018"]
[Site "Ankara"]
[Date "2018.08.04"]
[Round "12"]
[White "Salgado Lopez, Ivan"]
[Black "Safarli, Eltaj"]
[Result "1/2-1/2"]
[WhiteElo "2643"]
[BlackElo "2676"]
[Annotator "TA"]
[PlyCount "71"]
[EventDate "2018.07.25"]
[EventType "team-tourn"]
[EventCountry "TUR"]
[SourceTitle "playchess.com"]
[Source "ChessBase"]
[SourceQuality "1"]

1. Nf3 Nf6 2. d4 d5 3. c4 e6 4. e3 Be7 5. Nc3 O-O 6. a3 b6 7. cxd5 Nxd5 8. Nxd5 exd5 9. Be2 Bb7 10. O-O Nd7 11. b4 Bd6 12. Qb3 Nf6 13. a4 a6 14. Bb2 Ne4 15. b5 axb5 16. axb5 Qe7 17. Rfc1 Rfe8 18. Bf1 h5 19. Rxa8 Rxa8 20. Ra1 Rxa1 21. Bxa1 Qe8 22. Qa2 Qa8 23. Qxa8+ Bxa8 24. Bd3 f6 25. Kf1 g5 26. g3 h4 27. Ke2 hxg3 28. hxg3 Kf7 29. g4 Bb4 30. Ne1 Bxe1 31. Kxe1 Bb7 32. f3 Nd6 33. Bc3 Bc8 34. Bb4 Nc4 35. e4 Be6 36. Bxc4 1/2-1/2

[Event "TUR-chT Superleague 2018"]
[Site "Ankara"]
[Date "2018.08.04"]
[Round "12"]
[White "Alekseenko, Kirill"]
[Black "Samani, Yamac"]
[Result "1-0"]
[WhiteElo "2635"]
[BlackElo "2217"]
[Annotator "TA"]
[PlyCount "125"]
[EventDate "2018.07.25"]
[EventType "team-tourn"]
[EventCountry "TUR"]
[SourceTitle "playchess.com"]
[Source "ChessBase"]
[SourceQuality "1"]

1. e4 e6 2. d4 d5 3. Nd2 c5 4. exd5 Qxd5 5. dxc5 Qxc5 6. Ngf3 Nf6 7. Bd3 Be7 8. O-O O-O 9. Qe2 Nbd7 10. a4 b6 11. a5 bxa5 12. Nb3 Qc7 13. Bd2 Bb4 14. Nxa5 Bxd2 15. Qxd2 Nc5 16. Bc4 Rd8 17. Qe2 Nb7 18. Qe5 Qb6 19. b4 Nd5 20. Bd3 Nxa5 21. bxa5 Qc7 22. c4 Qxe5 23. Nxe5 Nb4 24. Be4 Rb8 25. Rfd1 Ba6 26. c5 f6 27. Nd7 Rbc8 28. Rab1 Na2 29. Bb7 Bxb7 30. Rxb7 Nc3 31. Rd3 Nd5 32. g3 a6 33. Kg2 h6 34. Rdb3 Kh8 35. Ra7 Rc7 36. Rxc7 Nxc7 37. c6 Nb5 38. Rxb5 axb5 39. Nb6 b4 40. c7 Re8 41. c8=Q Rxc8 42. Nxc8 b3 43. a6 b2 44. a7 b1=Q 45. a8=Q Kg8 46. Nd6+ Kh7 47. Qe4+ Qxe4+ 48. Nxe4 Kg6 49. Nd6 e5 50. g4 h5 51. h3 hxg4 52. hxg4 Kh6 53. Kg3 Kg6 54. Kh4 Kh6 55. g5+ fxg5+ 56. Kg4 Kg6 57. Ne4 Kf7 58. Kf5 g4 59. Kxe5 Kg6 60. Kf4 Kf7 61. Kxg4 Kg6 62. Kf4 Kf7 63. Kf5 1-0

[Event "TUR-chT Superleague 2018"]
[Site "Ankara"]
[Date "2018.08.04"]
[Round "12"]
[White "Yilmaz, Mustafa"]
[Black "Triapishko, Alexandr"]
[Result "1-0"]
[WhiteElo "2630"]
[BlackElo "2502"]
[Annotator "TA"]
[PlyCount "191"]
[EventDate "2018.07.25"]
[EventType "team-tourn"]
[EventCountry "TUR"]
[SourceTitle "playchess.com"]
[Source "ChessBase"]
[SourceQuality "1"]

1. Nf3 Nf6 2. c4 c5 3. Nc3 d5 4. cxd5 Nxd5 5. e3 Nc6 6. Bb5 e6 7. O-O Bd7 8. Nxd5 exd5 9. b3 Be7 10. Bb2 O-O 11. d4 cxd4 12. Nxd4 Nxd4 13. Bxd7 Qxd7 14. Qxd4 Bf6 15. Qd2 Bxb2 16. Qxb2 Rac8 17. Rad1 Rfe8 18. Qd4 b6 19. Rd2 Qb5 20. Rfd1 Rc5 21. h3 a5 22. Qf4 g6 23. Qd6 Re6 24. Qd8+ Re8 25. Qf6 Re6 26. Qg5 Rd6 27. Rd4 Qc6 28. Qh6 Rc1 29. Rxc1 Qxc1+ 30. Kh2 Qc7 31. Qf4 Rd7 32. Kg3 Qd8 33. Qe5 f6 34. Qe6+ Kg7 35. Qc6 f5 36. Kf3 Rd6 37. Qc3 Kg8 38. Ke2 Qd7 39. Qd3 Qe6 40. Kd2 Qe5 41. g3 Qe6 42. Ke2 Qd7 43. Kf3 Qc6 44. Kg2 Qc5 45. Qd1 Qc6 46. a3 Rd7 47. b4 axb4 48. axb4 Rd6 49. Qf3 Rd7 50. Qf4 Qd6 51. Qf3 Qc6 52. Qe2 Rd8 53. Qd3 Rd7 54. Kh2 Rd8 55. b5 Qd6 56. Ra4 Qc5 57. Ra7 Qc4 58. Qd2 Qc5 59. Qb2 d4 60. Ra4 f4 61. gxf4 dxe3 62. Ra7 Qd4 63. Qa2+ Qd5 64. Qb2 Qd4 65. Qb3+ Rd5 66. Qxe3 Qxe3 67. fxe3 Rxb5 68. Kg3 Rb3 69. Kf3 b5 70. Rb7 b4 71. Ke4 h6 72. Kd4 Kf8 73. h4 g5 74. hxg5 hxg5 75. fxg5 Kg8 76. Ke4 Kf8 77. Kf4 Rb1 78. Ke5 b3 79. Kf6 Rf1+ 80. Kg6 Rb1 81. e4 Ke8 82. e5 Kf8 83. e6 Ke8 84. Kg7 Rb2 85. g6 Rb1 86. Kf6 Rf1+ 87. Ke5 Re1+ 88. Kd5 Rd1+ 89. Kc5 Rc1+ 90. Kd4 b2 91. g7 Rg1 92. Rxb2 Ke7 93. Rb8 Rxg7 94. Rb7+ Kf6 95. Rxg7 Kxg7 96. Ke5 1-0

[Event "TUR-chT Superleague 2018"]
[Site "Ankara"]
[Date "2018.08.04"]
[Round "12"]
[White "Gledura, Benjamin"]
[Black "Can, Emre"]
[Result "1/2-1/2"]
[WhiteElo "2626"]
[BlackElo "2605"]
[Annotator "TA"]
[PlyCount "101"]
[EventDate "2018.07.25"]
[EventType "team-tourn"]
[EventCountry "TUR"]
[SourceTitle "playchess.com"]
[Source "ChessBase"]
[SourceQuality "1"]

1. Nf3 d5 2. g3 g6 3. Bg2 Bg7 4. d4 Nf6 5. O-O O-O 6. c3 c6 7. Nbd2 Bf5 8. a4 a5 9. Re1 Nbd7 10. Nh4 Be6 11. Nhf3 Bf5 12. h3 Re8 13. g4 Be6 14. Ng5 Nf8 15. f4 Bc8 16. e4 h6 17. Ngf3 Nxe4 18. Nxe4 dxe4 19. Rxe4 Be6 20. Re1 Bd5 21. Be3 Nd7 22. Qe2 e6 23. Ne5 Nxe5 24. dxe5 Bxg2 25. Qxg2 Qd5 26. Red1 Qb3 27. Bc5 b5 28. Bd6 bxa4 29. Rd2 Qb5 30. Qe4 Bf8 31. c4 Qa6 32. c5 Ra7 33. f5 Bg7 34. fxg6 Rd8 35. Rf1 Rdd7 36. h4 Qb5 37. Rf4 Qb4 38. Qxb4 axb4 39. gxf7+ Rxf7 40. Rxb4 a3 41. bxa3 Rxa3 42. Rf2 Rfa7 43. Re4 Rh3 44. h5 Ra1+ 45. Kg2 Raa3 46. Ref4 Rag3+ 47. Kf1 Rh1+ 48. Ke2 Rhg1 49. Rb4 Rxg4 50. Rb6 Ra4 51. Rxc6 1/2-1/2

[Event "TUR-chT Superleague 2018"]
[Site "Ankara"]
[Date "2018.08.04"]
[Round "12"]
[White "Zhigalko, Sergei"]
[Black "Inarkiev, Ernesto"]
[Result "1/2-1/2"]
[WhiteElo "2615"]
[BlackElo "2690"]
[Annotator "TA"]
[PlyCount "123"]
[EventDate "2018.07.25"]
[EventType "team-tourn"]
[EventCountry "TUR"]
[SourceTitle "playchess.com"]
[Source "ChessBase"]
[SourceQuality "1"]

1. e4 c5 2. Nf3 d6 3. Bb5+ Nd7 4. O-O a6 5. Bd3 Ngf6 6. a4 b6 7. Re1 Bb7 8. c3 e5 9. Na3 Be7 10. Bc2 O-O 11. d3 Re8 12. Bg5 d5 13. Bxf6 Bxf6 14. exd5 Bxd5 15. Bb3 Bc6 16. Nc4 Qc7 17. Ne3 Rad8 18. Bd5 Nf8 19. Qb3 Ng6 20. Rad1 Nf4 21. Be4 Rd6 22. Nc4 Rde6 23. g3 Nh3+ 24. Kg2 Ng5 25. Nxg5 Bxg5 26. h4 Bd8 27. Ne3 Qd7 28. Bxc6 Qxc6+ 29. Nd5 Qd7 30. c4 Rg6 31. Rh1 Qg4 32. Rde1 h5 33. Re4 Qf5 34. Rhe1 Rge6 35. Qc3 a5 36. R1e2 Kf8 37. Qe1 Kg8 38. R2e3 Kf8 39. b3 Kg8 40. Qe2 Kf8 41. Kh2 Kg8 42. Kg1 Kf8 43. Kg2 Kg8 44. Qb2 Kf8 45. Kg1 Kg8 46. Kg2 Kf8 47. Qa1 Kg8 48. Qe1 Kf8 49. f3 Kg8 50. Qe2 Kf8 51. f4 f6 52. fxe5 Rxe5 53. Nf4 Bc7 54. Rxe5 Bxe5 55. Nxh5 Rd8 56. g4 Qd7 57. Qf3 Qd4 58. g5 Qb2+ 59. Re2 Qd4 60. Re3 Qb2+ 61. Re2 Qd4 62. Re3 1/2-1/2

[Event "TUR-chT Superleague 2018"]
[Site "Ankara"]
[Date "2018.08.04"]
[Round "12"]
[White "Zubov, Alexander"]
[Black "Baryshpolets, Andrey"]
[Result "1/2-1/2"]
[WhiteElo "2604"]
[BlackElo "2609"]
[Annotator "RC"]
[PlyCount "60"]
[EventDate "2018.07.25"]
[EventType "team-tourn"]
[EventCountry "TUR"]
[SourceTitle "playchess.com"]
[Source "ChessBase"]
[SourceQuality "1"]

1. e4 e5 2. Nf3 Nc6 3. Bb5 Nf6 4. O-O Nxe4 5. Re1 Nd6 6. Nxe5 Be7 7. Bf1 Nf5 8. Nf3 d5 9. d4 O-O 10. c3 Be6 11. Bd3 h6 12. Qc2 Nh4 13. Nxh4 Bxh4 14. Bf4 Be7 15. Bh7+ Kh8 16. Bf5 Bd6 17. Bxd6 Qxd6 18. Nd2 Rfe8 19. Nf3 Bxf5 20. Qxf5 Kg8 21. h4 g6 22. Qh3 h5 23. Ng5 Ne7 24. Qf3 Nf5 25. g3 c6 26. Re2 Re7 27. Rae1 Rae8 28. Kf1 f6 29. Nh3 Kf7 30. Rxe7+ Rxe7 1/2-1/2

[Event "TUR-chT Superleague 2018"]
[Site "Ankara"]
[Date "2018.08.04"]
[Round "12"]
[White "Goganov, Aleksey"]
[Black "Jakovenko, Dmitry"]
[Result "1/2-1/2"]
[WhiteElo "2586"]
[BlackElo "2748"]
[Annotator "TA"]
[PlyCount "30"]
[EventDate "2018.07.25"]
[EventType "team-tourn"]
[EventCountry "TUR"]
[SourceTitle "playchess.com"]
[Source "ChessBase"]
[SourceQuality "1"]

1. d4 Nf6 2. c4 e6 3. Nf3 d5 4. g3 Bb4+ 5. Bd2 Be7 6. Bg2 O-O 7. O-O c6 8. Qc2 Nbd7 9. Rd1 b6 10. Bf4 Bb7 11. Ne5 Nh5 12. Bd2 Nhf6 13. Bf4 Nh5 14. Bd2 Nhf6 15. Bf4 Nh5 1/2-1/2

[Event "TUR-chT Superleague 2018"]
[Site "Ankara"]
[Date "2018.08.04"]
[Round "12"]
[White "Nihal Sarin"]
[Black "Abasov, Nijat"]
[Result "1/2-1/2"]
[WhiteElo "2556"]
[BlackElo "2623"]
[Annotator "TA"]
[PlyCount "80"]
[EventDate "2018.07.25"]
[EventType "team-tourn"]
[EventCountry "TUR"]
[SourceTitle "playchess.com"]
[Source "ChessBase"]
[SourceQuality "1"]

1. d4 Nf6 2. c4 e6 3. g3 d5 4. Bg2 Bb4+ 5. Bd2 Be7 6. Nf3 O-O 7. O-O Nbd7 8. Nc3 dxc4 9. e4 Rb8 10. a4 a6 11. a5 b5 12. axb6 Nxb6 13. Qc2 Bb7 14. Be3 Qc8 15. Ne5 Bb4 16. Na4 a5 17. Nc5 Ba8 18. Nxc4 Bxc5 19. dxc5 Nxc4 20. Qxc4 Rb4 21. Qc2 Bxe4 22. Bxe4 Nxe4 23. Rxa5 c6 24. Bd2 Nxd2 25. Qxd2 Qb8 26. Qd7 Qc8 27. Rd1 Rxb2 28. Qxc8 Rxc8 29. Ra7 g5 30. Rdd7 Rf8 31. Rac7 Kg7 32. Rxc6 Kg6 33. Rcc7 Rc2 34. Kg2 h5 35. Re7 Rd2 36. h3 Rd5 37. c6 Rc5 38. Kg1 h4 39. g4 Rc4 40. Kg2 Rf4 1/2-1/2

[Event "TUR-chT Superleague 2018"]
[Site "Ankara"]
[Date "2018.08.04"]
[Round "12"]
[White "Dastan, Muhammed Batuhan"]
[Black "Sanal, Vahap"]
[Result "1-0"]
[WhiteElo "2552"]
[BlackElo "2518"]
[Annotator "ChessBase"]
[PlyCount "39"]
[EventDate "2018.07.25"]
[EventType "team-tourn"]
[EventCountry "TUR"]
[SourceTitle "playchess.com"]
[Source "ChessBase"]
[SourceQuality "1"]

1. d4 d5 2. Bf4 c5 3. c3 Nc6 4. e3 Qb6 5. Qb3 c4 6. Qc2 Bf5 7. Qxf5 Qxb2 8. Qxd5 Qxa1 9. Qb5 e5 10. Qxb7 Rb8 11. Qxc6+ Kd8 12. Qd5+ Kc8 13. Qxc4+ Kd7 14. Qa4+ Kd8 15. Qa5+ Rb6 16. Bd3 exf4 17. Nf3 fxe3 18. fxe3 f6 19. O-O Qb2 20. Nfd2 1-0

[Event "TUR-chT Superleague 2018"]
[Site "Ankara"]
[Date "2018.08.04"]
[Round "12"]
[White "Sadikhov, Ulvi"]
[Black "Erturan, Yakup"]
[Result "1/2-1/2"]
[WhiteElo "2489"]
[BlackElo "2378"]
[Annotator "ChessBase"]
[PlyCount "73"]
[EventDate "2018.07.25"]
[EventType "team-tourn"]
[EventCountry "TUR"]
[SourceTitle "playchess.com"]
[Source "ChessBase"]
[SourceQuality "1"]

1. e4 e6 2. d4 d5 3. Nd2 c5 4. Ngf3 Nc6 5. exd5 exd5 6. Bb5 Bd6 7. dxc5 Bxc5 8. Nb3 Bd6 9. O-O Nge7 10. h3 O-O 11. Re1 Qc7 12. c3 Bf5 13. Bd3 Bxd3 14. Qxd3 h6 15. Be3 Rad8 16. Rad1 Rd7 17. Re2 Rfd8 18. Rde1 Ng6 19. Bc1 Re7 20. Rxe7 Bxe7 21. Qf5 Qd7 22. Qxd7 Rxd7 23. Be3 Nf8 24. Rd1 b6 25. Kf1 f6 26. Nbd4 Nxd4 27. Nxd4 Kf7 28. Ke2 Ne6 29. Nxe6 Kxe6 30. Kd3 Bc5 31. Re1 Kd6 32. Bf4+ Kc6 33. Re6+ Kb7 34. b4 Bxf2 35. b5 Bc5 36. a4 a6 37. g4 1/2-1/2

[Event "TUR-chT Superleague 2018"]
[Site "Ankara"]
[Date "2018.08.04"]
[Round "12"]
[White "Benidze, Davit"]
[Black "Erdogdu, Mert"]
[Result "1/2-1/2"]
[WhiteElo "2488"]
[BlackElo "2411"]
[Annotator "TA"]
[PlyCount "131"]
[EventDate "2018.07.25"]
[EventType "team-tourn"]
[EventCountry "TUR"]
[SourceTitle "playchess.com"]
[Source "ChessBase"]
[SourceQuality "1"]

1. Nf3 Nf6 2. c4 g6 3. g3 Bg7 4. Bg2 O-O 5. Nc3 d6 6. O-O Nc6 7. a3 e5 8. d3 h6 9. Rb1 Be6 10. b4 Qd7 11. Re1 Bh3 12. Bh1 Ng4 13. b5 Ne7 14. Nd2 e4 15. Bb2 e3 16. fxe3 Qe6 17. e4 Bd4+ 18. e3 Nxe3 19. Nb3 Bb6 20. Qe2 Nxc4+ 21. d4 Nxb2 22. Rxb2 Qxb3 23. Rxb3 Bxd4+ 24. Qf2 Bxf2+ 25. Kxf2 f6 26. Nd5 Nxd5 27. exd5 Rf7 28. Rc1 b6 29. Be4 Kg7 30. Rbc3 Rc8 31. Bd3 g5 32. Rc4 f5 33. Be2 Kf6 34. Ra4 Ra8 35. Rac4 a6 36. Ra4 a5 37. Rac4 Ra7 38. R1c3 Re7 39. Bf3 Kg6 40. a4 Rb7 41. Rc2 Bg4 42. Bxg4 fxg4 43. Rxg4 Rb8 44. Rgc4 Rf8+ 45. Kg2 Rff7 46. Rf2 Rf5 47. Rxf5 Kxf5 48. Kf3 h5 49. h3 Rg7 50. h4 Ke5 51. hxg5 Kxd5 52. Rc1 Ke5 53. g4 Rxg5 54. gxh5 Rxh5 55. Rxc7 d5 56. Rc6 Rh4 57. Rxb6 Rxa4 58. Ra6 Kd4 59. b6 Rb4 60. Rxa5 Rxb6 61. Ke2 Rb2+ 62. Kd1 Kc4 63. Ra3 Rb3 64. Rxb3 Kxb3 65. Kd2 Kc4 66. Kc2 1/2-1/2

[Event "TUR-chT Superleague 2018"]
[Site "Ankara"]
[Date "2018.08.04"]
[Round "12"]
[White "Esen, Baris"]
[Black "Demircioglu, Emre"]
[Result "1/2-1/2"]
[WhiteElo "2487"]
[BlackElo "2244"]
[Annotator "TA"]
[PlyCount "88"]
[EventDate "2018.07.25"]
[EventType "team-tourn"]
[EventCountry "TUR"]
[SourceTitle "playchess.com"]
[Source "ChessBase"]
[SourceQuality "1"]

1. d4 Nf6 2. c4 e6 3. Nf3 d5 4. Nc3 c5 5. cxd5 Nxd5 6. e4 Nxc3 7. bxc3 cxd4 8. cxd4 Bb4+ 9. Bd2 Bxd2+ 10. Qxd2 O-O 11. Bc4 Nd7 12. O-O b6 13. Qe3 Bb7 14. e5 b5 15. Bxb5 Nb6 16. Be2 Qe7 17. Rab1 Rac8 18. Rfc1 Bd5 19. a3 Ba8 20. g3 h6 21. Nd2 Rfd8 22. Bf3 Bxf3 23. Rxc8 Rxc8 24. Qxf3 Qd7 25. Qd3 Rd8 26. Rb4 Nd5 27. Rb2 Ne7 28. Nf3 Nc6 29. Rd2 Qd5 30. Qc3 Rb8 31. Rd3 Rb1+ 32. Kg2 g5 33. h3 Kg7 34. Qc5 Rb5 35. Qxd5 Rxd5 36. Kf1 f6 37. exf6+ Kxf6 38. Ke2 Rb5 39. Rc3 Rb2+ 40. Kf1 Rb6 41. Rc5 Ke7 42. d5 exd5 43. Rxd5 Rb3 44. Rc5 Kd7 1/2-1/2

[Event "TUR-chT Superleague 2018"]
[Site "Ankara"]
[Date "2018.08.04"]
[Round "12"]
[White "Asadli, Vugar"]
[Black "Ertan, Can"]
[Result "1-0"]
[WhiteElo "2482"]
[BlackElo "2434"]
[Annotator "ChessBase"]
[PlyCount "85"]
[EventDate "2018.07.25"]
[EventType "team-tourn"]
[EventCountry "TUR"]
[SourceTitle "playchess.com"]
[Source "ChessBase"]
[SourceQuality "1"]

1. e4 e5 2. Nf3 Nc6 3. Bb5 a6 4. Ba4 Nf6 5. O-O Be7 6. Re1 b5 7. Bb3 O-O 8. c3 d5 9. exd5 Nxd5 10. Nxe5 Nxe5 11. Rxe5 c6 12. d4 Bd6 13. Re1 Qh4 14. g3 Qh3 15. Qe2 Bg4 16. Qf1 Rae8 17. Rxe8 Qxf1+ 18. Kxf1 Bh3+ 19. Kg1 Rxe8 20. Bd2 Re6 21. a4 h5 22. axb5 axb5 23. Ra6 Be7 24. Be3 Rf6 25. Nd2 Nxe3 26. fxe3 h4 27. Ra8+ Kh7 28. Bc2+ g6 29. e4 Rd6 30. Ra7 Rd7 31. Rxd7 Bxd7 32. gxh4 Bg4 33. e5 Bxh4 34. Be4 Bg5 35. Nb3 Be6 36. Nc5 Bc1 37. Nd3 Be3+ 38. Kg2 Bc4 39. Kf3 Bd2 40. Nc5 Bc1 41. b3 Bf1 42. Bxc6 Bb2 43. Ke4 1-0